All States of the German Empire and Austria-Hungary by Flag - Statistics

General Stats
  • This quiz has been taken 74 times
  • The average score is 24 of 43
Answer Stats
Picture Answer % Correct
Bavaria
98%
Prussia
98%
Baden
88%
Saxony
88%
Hungary
82%
Wurttemburg
82%
Bohemia
80%
Hesse
80%
Moravia
68%
Bosnia-Herzegovina
64%
Bremen
64%
Galicia
64%
Silesia
64%
Hamburg
63%
Upper Austria
63%
Carinthia
61%
Lower Austria
61%
Styria
61%
Anhalt
55%
Bukovina
55%
Dalmatia
55%
Tyrol
55%
Salzburg
54%
Lippe
52%
Carniola
50%
Lubeck
48%
Mecklenburg-Schwerin
48%
Vorarlberg
48%
Oldenburg
46%
Mecklenburg-Strelitz
43%
Brunswick
39%
Istria
39%
Reuss
38%
Saxe-Weimar
38%
Waldeck
38%
Croatia-Slavonia
36%
Saxe-Coburg-Gotha
34%
Saxe-Meiningen
32%
Schaumburg-Lippe
32%
Alsace-Lorraine
29%
Saxe-Altenburg
25%
Schwarzburg-Rudolstadt
21%
Schwarzburg-Sondershausen
18%
No matching quizzes found
Score Distribution
Percent of People with Each Score
Percentile by Number Answered
Your Score History
You have not taken this quiz